000 00206 a2200097 4500
001 6419
100 _aZhdanov, G
245 _aspace Laboratories,
260 _a
_bForeign Languages
_c
090 _c5280
_d5280
942 _aNUST-CAE
_cM
_c31690
999 _c241492
_d241492